Introduction to statistical signal processing with applications (Record no. 166283)

MARC details
000 -LEADER
fixed length control field 00457nam a2200145Ia 4500
008 - FIXED-LENGTH DATA ELEMENTS--GENERAL INFORMATION
fixed length control field 231217s9999 xx 000 0 und d
041 ## - LANGUAGE CODE
Language code of text/sound track or separate title English
082 ## - DEWEY DECIMAL CLASSIFICATION NUMBER
Classification number 621.38481 SRI;1 `R1'
100 ## - MAIN ENTRY--PERSONAL NAME
Personal name Srinath, M D Rajasekaran, P K Viswanathan, R
245 #0 - TITLE STATEMENT
Title Introduction to statistical signal processing with applications
260 ## - PUBLICATION, DISTRIBUTION, ETC.
Date of publication, distribution, etc. 1996
Name of publisher, distributor, etc. New Delhi : PHI,
300 ## - PHYSICAL DESCRIPTION
Extent x+450
650 ## - SUBJECT ADDED ENTRY--TOPICAL TERM
Topical term or geographic name entry element Statistical signal processing Signal processing
942 ## - ADDED ENTRY ELEMENTS (KOHA)
Koha item type Books
Holdings
Date last seen Total checkouts Full call number Accession number Cost, total (INR) price Price effective from Category Lost status Damaged status Department Withdrawn status Home library Current library Entry date Vendor Cost, normal purchase price Grants Billnumber Billdate Currency symbol Conversion rate Discount Old discount
26/01/2024   621.38481 SRI;1 `R1' 12768 297.50 26/01/2024 Books     Central Library   Central Library Central Library 05/04/1999 Mega Books 350.00 EC 5714 06/11/2001 RS 1 52.5 15
26/01/2024   621.38481 SRI;2 `R1' 15940 148.75 26/01/2024 Books     Central Library   Central Library Central Library 11/07/2000 Sai Books 175.00 EC 982 17/04/2015 RS 1 26.25 15
26/01/2024   621.38481 SRI;3 15941 297.50 26/01/2024 Books     Central Library   Central Library Central Library 11/07/2000 Sai Books 350.00 EC 982 17/04/2015 RS 1 52.5 15

© For any Suggestions or Query, please contact the library staff @ librarian@pes.edu or Phone: +9180 2672 1983/ 2108.